| 000 | 00475 a2200109 4500 | ||
|---|---|---|---|
| 001 | ART_23451 | ||
| 005 | 20260410161918.0 | ||
| 008 | 260409a | ||
| 245 | 1 | 0 | _aRescatando algunos análisis sobre los abordajes alternativos a la corriente principal del pensamiento contable |
| 100 | 1 | _aRodríguez de Ramírez, María del Carmen | |
| 773 | 0 |
_tDocumentos de trabajo de contabilidad, auditoría y responsabilidad social _g- Año 3, Nº 5 (jun. 2013) _wREV14385 |
|
| 999 |
_c27455 _d27455 |
||